000 00520nam a2200181Ia 4500
005 20250326124403.0
008 250326s9999 xx 000 0 und d
037 _aTextbook
040 _aFMSL
_beng
_cFMSL
041 _aeng
_2eng
084 _aX:76 L3
_qFMSL
100 _aCornelisse P A
_9737322
245 0 _aPrice consistency in development planning
_cCornelisse P A
260 _aBelgium
_bBelgium, Rotterdam University
_c1973
300 _a154p
942 _cTB
_hX:76 L3
999 _c1273516
_d1273516